00386 2200157 4500001002100000005001500021035002000036245003700056100001400093300002800107260003400135082000800169084001400177020002200191990001500213INLIS00000000000314720251119073937 a0010-11250000081 aIPS Sejarah Kelas X /cHerimanto0 aHerimanto a160 hlm ;c20 x 25,5 cm aSolo :bTiga Serangkai,c2024 a900 a900 HER i a978-623-199-617-6 a19598/H/26